| 000 | 00782nas a2200265 4500 | ||
|---|---|---|---|
| 001 | BR0102720 | ||
| 003 | BR-BrBNA | ||
| 005 | 20231205102258.0 | ||
| 007 | ta | ||
| 008 | 230509b bl.|||p| |||| 00| 00por d | ||
| 040 |
_aBR-BrBNA _bpor _cBiblioteca Nacional de Agricultura |
||
| 041 | _a(Pt) | ||
| 072 | _aF60 | ||
| 100 | 1 | _aLier, Q. de J. van | |
| 245 | 1 | _aOxigenacao do sistema radicular: uma abordagem fisica | |
| 650 | _aSolo | ||
| 650 | _aSistema Radicular | ||
| 650 | _aPorosidade | ||
| 650 | _aOxigenio | ||
| 650 | _aAeracao do Solo | ||
| 650 | _aModelo Matematico | ||
| 773 | 0 |
_tRevista Brasileira de Ciencia do Solo (Brazil) _xISSN 0100-0683 _g(Jan-Mar 2001), v. 25(1) p. 233-238 _wBR0102720 |
|
| 909 |
_a202311 _bLúcia _c55 _dLúcia Elande |
||
| 942 |
_2AGRIS _n0 _cANA |
||
| 999 |
_c166736 _d166736 |
||